000 00524nam a22001817a 4500
003 OSt
008 250222b |||||||| |||| 00| 0 eng d
020 _a9 788120 321861
041 _aeng
082 _a006.3
_bRAJ/NE
100 _aRajasekaran, S
_97231
245 _aNeural Networks, Fuzzy logic and Genetic Algorithms :
_bSynthesis and Applications
250 _a8th Printing
260 _aNew Delhi :
_bPrentice Hall of India Pvt Ltd,
_c2007.
300 _a439p.
700 _aVijayalakshmi Pai, GA
_97232
942 _cBK
999 _c19441
_d19441